Normal view
MARC view
- Shankar, Ramamurti
Entry Personal Name
001 - CONTROL NUMBER
- control field: 38879
003 - CONTROL NUMBER IDENTIFIER
- control field: NUST
005 - DATE AND TIME OF LATEST TRANSACTION
- control field: 20210314131306.0
008 - FIXED-LENGTH DATA ELEMENTS
- fixed length control field: 210314|| aca||aabn | a|a d
040 ## - CATALOGING SOURCE
- Original cataloging agency: NUST
- Transcribing agency: NUST
100 ## - HEADING--PERSONAL NAME
- Personal name: Shankar, Ramamurti
670 ## - SOURCE DATA FOUND
- Source citation: Work cat.: (NUST): Shankar, Ramamurti., Basic training in mathematics :, c1995.
